| 000 | 00430 a2200157 4500 | ||
|---|---|---|---|
| 020 | _a9788131503201 | ||
| 022 | _a9788131503201 | ||
| 082 | _a658.403821 | ||
| 090 |
_c6302 _d6302 |
||
| 100 | _aStair,Ralph M. | ||
| 245 |
_aPrinciples of Information Systems. _bA Managerial Approach. _cRelph M.Stair. |
||
| 260 |
_aIndia. _bSouth-Western. _c2008. |
||
| 300 | _a664p. | ||
| 500 | _aPaper Cover. | ||
| 942 |
_aNBS _cBK _k658.403821 STA |
||
| 999 |
_c348670 _d348670 |
||